| 000 | 00582aam a2200217 i 4500 | ||
|---|---|---|---|
| 005 | 20160906133419.0 | ||
| 008 | 150810b xxu||||| |||| 00| 0 spa d | ||
| 041 | _aEspañol | ||
| 082 | _a617.69 S333p | ||
| 100 |
_aSchorer, Peter _918352 |
||
| 100 |
_aRinn, Ludwig _918353 |
||
| 100 |
_aKopp, Fritz _918354 |
||
| 245 | _aPrincipios estéticos en la odontología restaurativa | ||
| 260 | _aEspaña | ||
| 260 | _bEdiciones Doyma | ||
| 260 | _c1991 | ||
| 300 | _a235 páginas | ||
| 650 |
_aODONTOLOGÍA RESTAURATIVA _912570 |
||
| 650 |
_aPRÓTESIS DENTAL _918355 |
||
| 942 | _cBK | ||
| 999 |
_c543 _d543 |
||